书目信息 |
| 题名: |
环境与生态概论
|
|
| 作者: | 尹奇德 主编 | |
| 分册: | ||
| 出版信息: | 北京 化学工业出版社 2007 |
|
| 页数: | 150页 | |
| 开本: | 26cm | |
| 丛书名: | ||
| 单 册: | ||
| 中图分类: | X171 | |
| 科图分类: | ||
| 主题词: | 环境生态学--概论 | |
| 电子资源: | ||
| ISBN: | 7-5025-9494-9 | |
| 000 | 00822nam0 2200253 450 | |
| 001 | 012004091636 | |
| 005 | 20061204092338.0 | |
| 009 | 012004091636 | |
| 010 | @a7-5025-9494-9@dCNY19.80 | |
| 035 | @a(110017)062002073881 | |
| 100 | @a20061129d2007 em y0chiy0110 ea | |
| 101 | 0 | @achi |
| 102 | @aCN@b110000 | |
| 105 | @ay z 000yy | |
| 106 | @ar | |
| 200 | 1 | @a环境与生态概论@Ahuan jing yu sheng tai gai lun@f尹奇德主编@Fyin qi de zhu bian |
| 210 | @a北京@c化学工业出版社@d2007 | |
| 215 | @a150页@d26cm | |
| 330 | @a本书共十章,包括:生态系统、人口问题与环境、大气环境、水环境、物理环境、清洁生产与绿色设计、生命周期评价、环境管理与法规等内容。 | |
| 606 | 0 | @a环境生态学@x概论 |
| 690 | @aX171@v4 | |
| 701 | 0 | @a尹奇德@Ayu qing xi@4主编 |
| 801 | 0 | @aCN@b110017@c20061205 |
| 905 | @dX171.1@e102 @f5 | |
| 环境与生态概论/尹奇德主编.-北京:化学工业出版社,2007 |
| 150页;26cm |
| ISBN 7-5025-9494-9:CNY19.80 |
| 本书共十章,包括:生态系统、人口问题与环境、大气环境、水环境、物理环境、清洁生产与绿色设计、生命周期评价、环境管理与法规等内容。 |
| ● |
| 相关链接 |
|
|
|
|
正题名:环境与生态概论
索取号:X171.1/102
 
预约/预借
| 序号 | 登录号 | 条形码 | 馆藏地/架位号 | 状态 | 备注 |
| 1 | 0578323 | 205783231 | 第二样本阅览室/ [索取号:X171.1/102] | 在馆 | |
| 2 | 0578324 | 205783240 | 第三借阅区/ [索取号:X171.1/102] | 在馆 | |
| 3 | 0578325 | 205783259 | 第三借阅区/ [索取号:X171.1/102] | 在馆 | |
| 4 | 0578326 | 205783268 | 第三借阅区/ [索取号:X171.1/102] | 在馆 | |
| 5 | 0578327 | 205783277 | 第三借阅区/ [索取号:X171.1/102] | 在馆 | |
| 6 | 0578328 | 205783286 | 第三借阅区/ [索取号:X171.1/102] | 在馆 | |
| 7 | 0578329 | 205783295 | 第三借阅区/ [索取号:X171.1/102] | 在馆 | |
| 8 | 0578330 | 205783302 | 第三借阅区/ [索取号:X171.1/102] | 在馆 | |
| 9 | 0850371 | 208503715 | 第三借阅区/ [索取号:X171.1/102] | 在馆 | |
| 10 | 0850372 | 208503724 | 第三借阅区/ [索取号:X171.1/102] | 在馆 | |
| 11 | 0850373 | 208503733 | 第三借阅区/ [索取号:X171.1/102] | 在馆 | |
| 12 | 0850374 | 208503742 | 第三借阅区/ [索取号:X171.1/102] | 在馆 | |
| 13 | 0850375 | 208503751 | 第三借阅区/ [索取号:X171.1/102] | 在馆 |